| 000 | 00823nam a22002177a 4500 | ||
|---|---|---|---|
| 005 | 20230622133736.0 | ||
| 008 | 131002t mx ||||| |||| 00| 0 spa d | ||
| 020 | _a9786077852087 | ||
| 050 | 0 | 4 |
_aSF454.2 _bC78 2010 |
| 100 | 1 |
_aCruz Hernández, Ángel Raúl, _eautor |
|
| 245 | 1 | 0 |
_aConejo _b : manual de producción comercial : como hacer un negocio productivo y rentable _c / Ángel Raúl Cruz Hernández, Laura Melissa Huerta Martínez, Verónica Lugo Ramírez |
| 250 | _a1a ed. | ||
| 260 |
_aMorelia, Michoacán, México : _bPapiro Omega, _c2010 |
||
| 300 |
_a210 p. : _bil. ; _c23 cm. |
||
| 500 | _aIncluye bibliografía | ||
| 650 | 7 |
_2Lemb _aConejos _xProducción |
|
| 650 | 4 |
_aConejos _xCrianza |
|
| 700 | 1 |
_aHuerta Martínez, Laura Melissa _eautor |
|
| 700 | 1 |
_aLugo Ramírez, Verónica _eautor |
|
| 942 |
_2lcc _cLIB |
||
| 999 |
_c41262 _d41262 |
||